Una iniciativa para la política hídrica de España / (Record no. 77721)

MARC details
000 -LEADER
campo de control de longitud fija 00584nam a2200193 i 4500
001 - NÚMERO DE CONTROL
campo de control 77721
003 - IDENTIFICADOR DE NÚMERO DE CONTROL
campo de control ES-MaACL
005 - FECHA Y HORA DE LA ÚLTIMA TRANSACCIÓN
campo de control 20230906173344.0
007 - CAMPO FIJO DE DESCRIPCIÓN FÍSICA--INFORMACIÓN GENERAL
campo de control de longitud fija t|
008 - DATOS DE LONGITUD FIJA--INFORMACIÓN GENERAL
campo de control de longitud fija 041105s2000 sp a |||| | spa d
080 ## - NÚMERO DE LA CLASIFICACIÓN DECIMAL UNIVERSAL
Número de la Clasificación Decimal Universal 330.15(460):504.45
100 1# - ENTRADA PRINCIPAL--NOMBRE DE PERSONA
Nombre de persona Lamela, Antonio.
9 (RLIN) 69836
245 14 - MENCIÓN DEL TÍTULO
Título Una iniciativa para la política hídrica de España /
Mención de responsabilidad, etc. Antonio Lamela.
260 ## - PUBLICACIÓN, DISTRIBUCIÓN, ETC.
Lugar de publicación, distribución, etc. Madrid :
Nombre del editor, distribuidor, etc. [Antonio Lamela],
Fecha de publicación, distribución, etc. 2000.
300 ## - DESCRIPCIÓN FÍSICA
Extensión 100 p. :
Otras características físicas il. ;
Dimensiones 29 cm.
650 14 - PUNTO DE ACCESO ADICIONAL DE MATERIA--TÉRMINO DE MATERIA
Término de materia o nombre geográfico como elemento de entrada Recursos hidráulicos-
Subdivisión geográfica España.
9 (RLIN) 161400
650 #4 - PUNTO DE ACCESO ADICIONAL DE MATERIA--TÉRMINO DE MATERIA
Término de materia o nombre geográfico como elemento de entrada Gestión del agua.
9 (RLIN) 142076
852 ## - LOCALIZACIÓN
Ubicación ES-MaACL
Número de control de estantería L-28385
Holdings
Estatus retirado Estado de pérdida Estado de daño No para préstamo Biblioteca de origen Biblioteca actual Ubicación en estantería Fecha de adquisición Fuente de adquisición Total de préstamos Signatura topográfica completa Código de barras Visto por última vez Precio de reemplazo Tipo de ítem Koha
        Biblioteca del Ateneo de Madrid Biblioteca del Ateneo de Madrid Depósito 2 17/01/2008     L-28385 1081311 23/02/2023 23/02/2023 Libro impreso